| 000 | 00452nam a2200097Ia 4500 | ||
|---|---|---|---|
| 008 | 180130s9999 xx 000 0 und d | ||
| 245 |
_cVales-Alonso, Javier; Parrado-Garcia, Francisco Javier; Alcaraz, Juan J. _aPerformance analysis of optimal schedulers in single channel dense radio frequency identification environments |
||
| 260 | _c2016 | ||
| 300 | _aBook title: Embedded system design--Acession number C20733; pages 129-142 | ||
| 650 | _aSYSTEM DESIGN | ||
| 999 |
_c354359 _d354359 |
||